Top 50 All-Time FIFA Rankings - Statistics

General Stats
  • This quiz has been taken 46 times
  • The average score is 43 of 50
Answer Stats
Hint Answer % Correct
1 Brazil
100%
3 Argentina
98%
10 Belgium
98%
5 France
98%
4 Italy
98%
13 Mexico
98%
8 Netherlands
98%
7 Spain
98%
9 Uruguay
98%
19 Croatia
95%
6 England
95%
2 Germany
95%
21 Austria
93%
27 Colombia
93%
24 Denmark
93%
29 Japan
93%
15 Portugal
93%
12 Russia
93%
23 USA
93%
22 Chile
91%
16 Poland
91%
11 Sweden
91%
17 Switzerland
91%
18 Hungary
86%
32 Morocco
86%
50 Norway
86%
14 Serbia
86%
40 Türkiye
86%
47 Algeria
84%
41 Australia
84%
42 Ireland
84%
37 Peru
84%
26 South Korea
84%
30 Costa Rica
82%
36 Ghana
80%
35 Senegal
80%
31 Cameroon
77%
20 Czechia
77%
38 Ecuador
75%
46 Iran
75%
25 Paraguay
75%
28 Romania
75%
34 Scotland
75%
49 South Africa
75%
33 Nigeria
73%
44 Tunisia
68%
39 Bulgaria
66%
45 Saudi Arabia
66%
48 Ivory Coast
64%
43 Northern Ireland
52%
No matching quizzes found
Score Distribution
Percent of People with Each Score
Percentile by Number Answered
Your Score History
You have not taken this quiz